Culture G commençant par F - Statistiques

Statistiques générales
  • Ce quiz a été pris 186 fois
  • Le résultat moyen est 17 sur 30
Statistiques - réponses
Question Réponse % Correct
Bambi en est un Faon
92%
Forlan, Ibrahimovic, ou Salah le pratique Football
88%
Il marche sur un fil a plusieurs mètres d'altitude Funambule
87%
Elle a écrit un Journal intime alors quelle fuyait la déportation Anne Frank
86%
Nom du frère d'Alexis Lebrun, Pub pour chat Félix
86%
Os de la partie libre du membre inférieur Fémur
86%
Point culminant au dessus de Tokyo Fuji
85%
Matthew Perry était un acteur incontournable de cette série Friends
81%
Tortilla Mexicaine garnie de viande et de légumes Fajita
78%
On les reçois quand on a bien travaillé, ou pour un heureux évènement Félicitations
77%
Premier Ministre de la France entre 2007 et 2012 François Fillon
75%
Nationalité de Kimi Raikkonen et de Nokia Finlandaise
70%
Ville très impactée par un séisme et un tsunami en 2011 Fukushima
69%
Accompagne le taylorisme et le toyotisme Fordisme
67%
A Suva pour capitale Fidji
65%
Fille de Plantaquatix dans Asterix et Obélix Falbala
64%
Crique qui s’enfonce profondément dans la côte, en Scandinavie Fjord
60%
Capitale de la Sierra Léone Freetown
57%
Remontée mécanique équipée de véhicules circulant sur des rails en pente Funiculaire
57%
Fente, Cassure, Ouverture, Faille Fissure
48%
Club de la ville de Rotterdam Feyenoord
45%
Art millénaire chinois harmonisant l'énergie environnementale Feng Shui
38%
Quelque chose de virtuel Fictif
33%
Que désigne le F dans le sigle DGCCRF Fraudes
33%
Pour 20 on peut faire 4*5 ou 10*2 c'est une _ _ _ _ _ _ _ _ _ _ _ _ _ Factorisation
15%
Symbole ayant le numéro atomique 87 Francium
15%
Qui est destiné à tromper Fallacieux
10%
Cette personne collectionne les récompenses d'une galette des rois Fabophile
7%
Mot voulant dire Thym en Provence, a en produire sa propre liqueur Farigoule
7%
Ashley Tisdale joue son rôle dans "La vie de Palace de Zack & Cody" Maddie Fitzpatrick
2%
Aucun quiz correspondant
Distribution des résultats
% des personnes avec chaque résultat
Percentile par nombre de réponses
Votre historique - résultats
Vous n’avez pas pris ce quiz